| 000 | 00551nam a2200241Ia 4500 | ||
|---|---|---|---|
| 008 | 210210b2008 xxu||||| |||| 00| 0 eng d | ||
| 041 | _aeng | ||
| 082 | _a657.46 RAMB | ||
| 100 | _aRAMAN (B S) | ||
| 245 | _aBusiness taxation III: III B Com V semester | ||
| 260 |
_aMangalore _bUnited Publishers _c2008 |
||
| 300 | _a286 | ||
| 650 | _aV | ||
| 650 | _athird | ||
| 650 | _ataxation | ||
| 650 | _asemester | ||
| 650 | _aIII: | ||
| 650 | _afor | ||
| 650 | _aBusiness | ||
| 650 | _aBcom | ||
| 690 | _aBusiness Taxation | ||
| 906 | _a062767 | ||
| 999 |
_c129807 _d129807 |
||